| 000 -LEADER |
| fixed length control field |
00899nam a2200277Ia 4500 |
| 001 - CONTROL NUMBER |
| control field |
7719 |
| 003 - CONTROL NUMBER IDENTIFIER |
| control field |
GE_BSU |
| 005 - DATE AND TIME OF LATEST TRANSACTION |
| control field |
20221116113353.0 |
| 008 - FIXED-LENGTH DATA ELEMENTS--GENERAL INFORMATION |
| fixed length control field |
181216s2005en xx |||||||||||||| ||eng|| |
| 020 ## - INTERNATIONAL STANDARD BOOK NUMBER |
| International Standard Book Number |
3540761977.x |
| 040 ## - CATALOGING SOURCE |
| Transcribing agency |
GE_BSU |
| 041 ## - LANGUAGE CODE |
| Language code of text/sound track or separate title |
eng |
| 080 ## - UNIVERSAL DECIMAL CLASSIFICATION NUMBER |
| Universal Decimal Classification number |
512.7 G-18 |
| 100 ## - MAIN ENTRY--PERSONAL NAME |
| Personal name |
Gareth, Jones. |
| 9 (RLIN) |
14684 |
| 245 ## - TITLE STATEMENT |
| Title |
Elementary Number Theory / |
| Statement of responsibility, etc. |
Jones Gareth, J.Mary, Jones : Advisory Board: P.J.Cameron,M.A.J.Chaplain,K.Erdman,and other. |
| 260 ## - PUBLICATION, DISTRIBUTION, ETC. |
| Name of publisher, distributor, etc. |
London : |
| Place of publication, distribution, etc. |
Springer, |
| Date of publication, distribution, etc. |
2005. |
| 300 ## - PHYSICAL DESCRIPTION |
| Extent |
301 p; |
| Dimensions |
23 cm. |
| 440 ## - SERIES STATEMENT/ADDED ENTRY--TITLE |
| Title |
Springer Undergraduate Mathematics Series: ISSN 1615-2085. |
| 9 (RLIN) |
14670 |
| 653 ## - INDEX TERM--UNCONTROLLED |
| keyword |
Elementary Number Theory. |
| 653 ## - INDEX TERM--UNCONTROLLED |
| keyword |
ელემენტარული რიცხვების თეორია. |
| 700 ## - ADDED ENTRY--PERSONAL NAME |
| Personal name |
Jones, J.Mary |
| 9 (RLIN) |
14685 |
| 700 ## - ADDED ENTRY--PERSONAL NAME |
| Personal name |
Cameron, P.J |
| 9 (RLIN) |
14676 |
| 700 ## - ADDED ENTRY--PERSONAL NAME |
| Personal name |
Erdman, K. |
| 9 (RLIN) |
14686 |
| 942 ## - ADDED ENTRY ELEMENTS (KOHA) |
| Koha item type |
წიგნი |
| Source of classification or shelving scheme |
|